Romance language conjugation - to know - Statistics

General Stats
  • This quiz has been taken 54 times
  • The average score is 19 of 36
Answer Stats
Answer % Correct
i sa
95%
s
83%
c
83%
f je sais
79%
f tu sais
79%
i sai
74%
f il sait
69%
p sabe
69%
s sabe
69%
p sabes
67%
s sabes
67%
f nous savons
64%
p sabem
64%
c sabem
64%
p sabemos
64%
s sabemos
64%
i so
64%
f ils savent
62%
p (sabeis)
62%
s sabéis
62%
s saben
62%
c saben
62%
f vous savez
62%
c sap
40%
p sei
36%
i sappiamo
31%
i sanno
26%
i sapete
21%
c sabeu
19%
c saps
17%
r știe
12%
r știi
12%
r știm
12%
r știți
12%
r știu
12%
r știu
12%
No matching quizzes found
Score Distribution
Percent of People with Each Score
Percentile by Number Answered
Your Score History
You have not taken this quiz